[Event "AUTO-MASTER-2814"]
[Site "http://www.queenalice.com/game.php?id=1560700"]
[Date "2019.2.11"]
[Round "1"]
[White "Berilag32"]
[Black "Scharlatan"]
[Result "1-0"]
[WhiteElo "2066"]
[BlackElo "2081"]

1. e4 e6 2. d4 d5 3. e5 c5 4. c3 Nc6 5. a3 Bd7 6. Nf3 f6 7. Bb5 c4 8. Bxc6 Bxc6
9. O-O Qc7 10. Re1 f5 11. Ng5 Qe7 12. Nf3 h6 13. Nbd2 g5 14. Nf1 g4 15. N3d2 h5
16. b3 h4 17. bxc4 dxc4 18. Nxc4 O-O-O 19. Qc2 Bh6 20. Bxh6 Nxh6 21. Qb2 Qd7 22.
Rab1 Qd5 23. Nce3 Qd7 24. Red1 f4 25. Nc2 Qd5 26. Ne1 h3 27. c4 Qe4 28. d5 exd5
29. cxd5 hxg2 30. Nxg2 Bxd5 31. Rxd5 Rxd5 32. Qxb7+ Kd8 33. Rd1 1-0

[Event "AUTO-MASTER-2814"]
[Site "http://www.queenalice.com/game.php?id=1560709"]
[Date "2019.2.11"]
[Round "1"]
[White "Artking"]
[Black "Berilag32"]
[Result "1-0"]
[WhiteElo "2190"]
[BlackElo "2005"]

1. e4 e6 2. d4 c6 3. f4 Nf6 4. Nc3 a6 5. Nf3 Bb4 6. Bd3 Bxc3+ 7. bxc3 b5 8. O-O
h6 9. h3 Bb7 10. e5 Nd5 11. Qe1 g6 12. a4 d6 13. exd6 Qxd6 14. Ne5 Nd7 15. a5
Nxe5 16. fxe5 Qd8 17. Qf2 Qc7 18. Ba3 Rh7 19. Bd6 Qd7 20. Bxg6 Rg7 21. Bh5 O-O-O
22. c4 Ne7 23. d5 Nf5 24. dxe6 fxe6 25. cxb5 Nxd6 26. exd6 cxb5 27. Bf3 Qxd6 28.
Rfd1 Bd5 29. c4 bxc4 30. Rab1 Rb7 31. Rxb7 Kxb7 32. Rb1+ Ka8 33. Rb6 Qe7 34.
Rxa6+ Kb8 35. Qb6+ Qb7 36. Qxd8+ 1-0

[Event "AUTO-MASTER-2814"]
[Site "http://www.queenalice.com/game.php?id=1560710"]
[Date "2019.2.11"]
[Round "1"]
[White "Berilag32"]
[Black "Artking"]
[Result "1-0"]
[WhiteElo "1996"]
[BlackElo "2200"]

1. e4 c5 2. a3 d6 3. c3 Nc6 4. d3 Nf6 5. h3 g6 6. Nf3 Bg7 7. Nh2 e5 8. Be2 Be6
9. Ng4 Qd7 10. Nxf6+ Bxf6 11. Nd2 O-O-O 12. Nf3 h6 13. Nh2 Rde8 14. Ng4 Bg7 15.
Ne3 f5 16. Nd5 fxe4 17. dxe4 a6 18. Nb6+ Kc7 19. Nxd7 Kxd7 20. Bg4 h5 21. Bxe6+
Rxe6 22. O-O Bf6 23. b4 b6 24. Be3 Ke7 25. Qd5 Nd8 26. Rab1 Kf7 27. bxc5 dxc5
28. f4 Ke7 29. fxe5 Rxe5 30. Qc4 b5 31. Bxc5+ Ke8 32. Qb4 Nc6 33. Qb3 Rxc5 34.
Rxf6 Ne5 35. Qe6+ Kd8 36. Rd1+ Kc7 37. Qb6+ 1-0

[Event "AUTO-MASTER-2850"]
[Site "http://www.queenalice.com/game.php?id=1572516"]
[Date "2019.5.27"]
[Round "1"]
[White "Tonto"]
[Black "Berilag32"]
[Result "1-0"]
[WhiteElo "2044"]
[BlackElo "2038"]

1. e4 e6 2. Nf3 d6 3. d4 c6 4. c4 Qc7 5. Bf4 Nd7 6. c5 e5 7. cxd6 Bxd6 8. Be3 h6
9. Nc3 a6 10. Be2 b5 11. dxe5 Nxe5 12. Rc1 Nf6 13. Nd5 Nxd5 14. exd5 Nxf3+ 15.
Bxf3 c5 16. g3 O-O 17. Be4 Qe7 18. Qc2 Bb7 19. O-O c4 20. Rcd1 Rad8 21. f3 Bc5
22. Bxc5 Qxc5+ 23. Kg2 Bxd5 24. b4 Qc6 25. Bxd5 Rxd5 26. Rde1 Rfd8 27. Rf2 c3
28. Rc1 Rd3 29. h4 Qc4 30. Qe2 Qxb4 31. Rc2 Rd2 32. Qe3 Rxf2+ 33. Kxf2 Rd2+ 34.
Rxd2 cxd2 35. Ke2 d1=Q+ 36. Kxd1 Qb1+ 37. Ke2 Qxa2+ 38. Kf1 b4 39. Qe8+ Kh7 40.
Qe4+ g6 41. Qxb4 a5 42. Qe4 h5 43. f4 a4 44. f5 Qa1+ 45. Kg2 Qb2+ 46. Kh3 1-0

[Event "AUTO-MASTER-2850"]
[Site "http://www.queenalice.com/game.php?id=1572517"]
[Date "2019.5.27"]
[Round "1"]
[White "Berilag32"]
[Black "Tonto"]
[Result "0-1"]
[WhiteElo "2055"]
[BlackElo "2027"]

1. e4 e5 2. Qh5 d6 3. Bc4 g6 4. Qf3 Nf6 5. h3 a6 6. c3 Bg7 7. d3 c6 8. Bb3 b5 9.
Nd2 Bb7 10. Qe2 d5 11. Ngf3 Nh5 12. Nf1 Nd7 13. Ng3 Nxg3 14. fxg3 Nf6 15. Bg5 h6
16. Bxf6 Bxf6 17. O-O a5 18. exd5 cxd5 19. Rfe1 a4 20. Bc2 O-O 21. Qd2 Kg7 22.
Nxe5 h5 23. d4 Re8 24. Qd3 Bxe5 25. dxe5 Qb6+ 26. Kh2 Re6 27. Bd1 Rae8 28. Qd4
Qc7 29. Bf3 Rxe5 30. b3 f6 31. Rxe5 Rxe5 32. bxa4 h4 33. Qxh4 Qxc3 34. Rb1 Bc8
35. Rxb5 Bd7 36. Rb7 Qc6 37. Rb5 Re1 38. Rb8 Be8 39. a5 Qc1 40. Rb7+ Bf7 41. g4
Rh1+ 0-1

[Event "AUTO-MASTER-2850"]
[Site "http://www.queenalice.com/game.php?id=1572530"]
[Date "2019.5.27"]
[Round "1"]
[White "Berilag32"]
[Black "Rutty"]
[Result "0-1"]
[WhiteElo "2070"]
[BlackElo "2089"]

1. e4 e5 2. Qh5 d6 3. Bc4 g6 4. Qf3 Qf6 5. d3 Bg7 6. Qe2 Be6 7. Nf3 Bxc4 8. dxc4
Nc6 9. c3 O-O-O 10. Bg5 Qe6 11. Bxd8 Kxd8 12. Nbd2 f5 13. Ng5 Qe7 14. Ngf3 Nf6
15. O-O-O Kc8 16. exf5 gxf5 17. h3 Bh6 18. Kb1 Rg8 19. g3 Qf7 20. Nb3 Ne4 21.
Rhg1 Qh5 22. h4 Nf6 23. Rge1 e4 24. Nfd4 Qxe2 25. Rxe2 Ne7 26. Nc2 Nc6 27. Nbd4
f4 28. Nf5 Bf8 29. Rg1 Kd7 30. Ncd4 Ne5 31. b3 c5 32. Nb5 a6 33. Na3 Nf3 34. Rd1
Ke6 35. Nxd6 Bxd6 36. Nc2 fxg3 37. fxg3 Rxg3 38. Ne3 Nxh4 39. Kb2 Be5 40. Rc1
Nf3 41. Rcc2 h5 42. Nf1 Rg1 43. Nd2 Ne1 44. Nxe4 Nxc2 45. Kxc2 Nxe4 46. Rxe4 Rg4
47. Re3 h4 48. Rh3 Bg3 49. Kd3 Rf4 50. Rh1 Kf5 51. a3 Rf3+ 52. Kc2 Kg4 53. b4 b6
54. Kb3 h3 55. bxc5 bxc5 56. Rd1 h2 57. Ka4 Rxc3 58. Ka5 Rxa3+ 59. Kb6 Bf2 0-1

[Event "AUTO-MASTER-2850"]
[Site "http://www.queenalice.com/game.php?id=1572531"]
[Date "2019.5.27"]
[Round "1"]
[White "Rutty"]
[Black "Berilag32"]
[Result "1/2-1/2"]
[WhiteElo "2089"]
[BlackElo "2093"]

1. e4 e6 2. d4 c6 3. Nf3 d6 4. Nc3 h6 5. b3 Nd7 6. Bb2 Qc7 7. Bd3 e5 8. O-O Be7
9. dxe5 dxe5 10. Ne2 Ngf6 11. c4 b6 12. Ng3 g6 13. Qc2 Nh7 14. Rad1 Ng5 15. Be2
Nxf3+ 16. Bxf3 Bb7 17. Qc3 Bf6 18. b4 O-O 19. Bg4 Rad8 20. a4 h5 21. Bxd7 Rxd7
22. Rxd7 Qxd7 23. Ne2 Bg7 24. f4 f6 25. fxe5 fxe5 26. Rxf8+ Kxf8 27. Qf3+ Qf7
28. Kf2 Qxf3+ 29. gxf3 Kf7 30. f4 Ke6 31. Kf3 Bc8 32. Nc1 Bf6 33. Nd3 exf4 34.
Nxf4+ Kf7 35. e5 Bg5 36. Bd4 Bxf4 37. Kxf4 Bd7 38. Kg5 Be6 39. c5 bxc5 40. Bxc5
a6 41. a5 Bc4 1/2-1/2

[Event "AUTO-MASTER-2850"]
[Site "http://www.queenalice.com/game.php?id=1572532"]
[Date "2019.5.27"]
[Round "1"]
[White "Berilag32"]
[Black "Rzeznik"]
[Result "1-0"]
[WhiteElo "2025"]
[BlackElo "2171"]

1. e4 e6 2. d4 d5 3. e5 c5 4. c3 Nc6 5. Nf3 Bd7 6. a3 f6 7. Bf4 Qb6 8. Qe2 cxd4
9. cxd4 Nxd4 10. Nxd4 Qxd4 11. Bg3 a6 12. Nc3 Be7 13. Rd1 Qb6 14. exf6 Nxf6 15.
Be5 O-O 16. g3 Ng4 17. Bd4 Qc6 18. Bg2 Nh6 19. O-O Nf5 20. Be5 Kh8 21. Rc1 Qb6
22. Qd2 Bc6 23. Ne2 Bc5 24. b4 Bd6 25. Bb2 Ne7 26. Nd4 e5 27. Ne6 Rf6 28. Nc5 d4
29. Bxc6 Qxc6 30. Qd3 Bxc5 31. Rxc5 Qe6 32. Re1 Nc6 33. f4 Rf5 34. Rxc6 bxc6 35.
Qe4 Qf7 36. fxe5 Rf8 37. Bxd4 Rf1+ 38. Kg2 Rxe1 39. Qxe1 Qd5+ 40. Kh3 Qxd4 41.
e6 Qf6 42. e7 Re8 43. a4 1-0

[Event "AUTO-MASTER-2850"]
[Site "http://www.queenalice.com/game.php?id=1572533"]
[Date "2019.5.27"]
[Round "1"]
[White "Rzeznik"]
[Black "Berilag32"]
[Result "0-1"]
[WhiteElo "2189"]
[BlackElo "2002"]

1. g3 e6 2. Bg2 c6 3. Nf3 h6 4. O-O d6 5. d4 Qc7 6. c4 Nd7 7. e4 Ngf6 8. Nc3 a6
9. Be3 Be7 10. d5 e5 11. dxc6 bxc6 12. b4 Nb6 13. c5 dxc5 14. Bxc5 Bxc5 15. bxc5
Nbd7 16. Na4 O-O 17. Nb6 Nxb6 18. cxb6 Qe7 19. Qc2 Bb7 20. Rfe1 Rfd8 21. Qc3 Nd7
22. Rab1 a5 23. Bh3 f6 24. Nh4 Nf8 25. Nf5 Qf7 26. a4 Kh7 27. Red1 Qa2 28. Qc5
Re8 29. Nd6 Re7 30. Nxb7 Rxb7 31. Qxc6 Rab8 32. Bc8 Qf7 33. Bxb7 Rxb7 34. Rd8
Ne6 35. Re8 Nd4 36. Qc8 Kg6 37. Rf8 Qe7 38. Rb2 Qd7 39. Qxd7 Rxd7 40. b7 Nc6 41.
Rc8 Nb4 42. b8=Q Rd1+ 43. Kg2 Rd4 0-1

[Event "AUTO-MASTER-2814"]
[Site "http://www.queenalice.com/game.php?id=1575016"]
[Date "2019.6.20"]
[Round "2"]
[White "Berilag32"]
[Black "mandaragit"]
[Result "0-1"]
[WhiteElo "2014"]
[BlackElo "2221"]

1. e4 e6 2. d4 d5 3. e5 c5 4. c3 Nc6 5. a3 Qb6 6. Nf3 c4 7. Nbd2 Na5 8. Rb1 Bd7
9. b3 cxb3 10. Bb2 Rc8 11. Be2 Ne7 12. O-O Bb5 13. Rc1 Bxe2 14. Qxe2 Nc4 15.
Nxc4 dxc4 0-1

[Event "AUTO-MASTER-2814"]
[Site "http://www.queenalice.com/game.php?id=1575017"]
[Date "2019.6.20"]
[Round "2"]
[White "mandaragit"]
[Black "Berilag32"]
[Result "1-0"]
[WhiteElo "2215"]
[BlackElo "2022"]

1. d4 e6 2. c4 c6 3. e4 Qc7 4. Nc3 a6 5. Nf3 d6 6. a4 h6 7. a5 Nd7 8. g3 Ngf6 9.
Bg2 e5 10. O-O Be7 11. h3 b6 12. axb6 Nxb6 13. Qe2 Be6 14. b3 Nh7 15. Be3 1-0

[Event "AUTO-OPEN-3982"]
[Site "http://www.queenalice.com/game.php?id=1591733"]
[Date "2019.12.1"]
[Round "2"]
[White "clovis"]
[Black "Berilag32"]
[Result "0-1"]
[WhiteElo "2002"]
[BlackElo "2047"]

1. e4 e6 2. d4 c6 3. Nc3 Qc7 4. Nf3 d6 5. d5 e5 6. dxc6 bxc6 7. Bc4 h6 8. O-O
Nf6 9. Be3 Be7 10. Qd2 Nbd7 11. Rad1 Nb6 12. Bb3 Bg4 13. h3 Bxf3 14. gxf3 Rd8
15. f4 Nbd7 16. Kh2 Nh5 17. fxe5 dxe5 18. f4 exf4 19. Bxf4 Nxf4 20. Rxf4 Ne5 21.
Qe3 Rxd1 22. Nxd1 O-O 23. Qg3 Bd6 24. Ne3 Nd7 0-1

[Event "AUTO-OPEN-3982"]
[Site "http://www.queenalice.com/game.php?id=1591734"]
[Date "2019.12.1"]
[Round "2"]
[White "Berilag32"]
[Black "clovis"]
[Result "0-1"]
[WhiteElo "2061"]
[BlackElo "1914"]

1. e4 e5 2. Qh5 Nc6 3. Bc4 Nh6 4. c3 Qf6 5. d3 Bc5 6. Qe2 d6 7. Bxh6 Qxh6 8. Nd2
O-O 9. h3 Be6 10. Bb5 f5 11. Ngf3 fxe4 12. dxe4 d5 13. Bxc6 bxc6 14. O-O-O Bd6
15. Kb1 Rab8 16. Nb3 dxe4 17. Nfd2 Bxb3 18. Nxb3 Rf4 19. Rhf1 Rbf8 20. f3 exf3
21. gxf3 Qxh3 22. Nd2 Qf5+ 23. Ka1 a5 24. Ne4 Rxf3 25. Nd2 Rf2 26. Qc4+ Kh8 27.
Rc1 Rxf1 28. Rxf1 Qc2 29. Rxf8+ Bxf8 30. Qf7 Qd1+ 31. Nb1 Qd8 32. Qe6 Qe7 33.
Qxc6 e4 34. Na3 e3 35. Qh1 e2 36. Nc2 Qf6 37. Qb1 Qf1 38. Ne1 Bd6 39. b4 Be5 40.
Kb2 axb4 41. Kc2 Bxc3 42. Nd3 Qxb1+ 43. Kxb1 e1=Q+ 44. Nxe1 Bxe1 45. Kb2 h5 46.
Kb3 h4 47. a4 bxa3 48. Kxa3 h3 49. Ka4 h2 50. Kb5 h1=Q 51. Ka6 Qc6+ 0-1

[Event "AUTO-OPEN-3982"]
[Site "http://www.queenalice.com/game.php?id=1591741"]
[Date "2019.12.1"]
[Round "2"]
[White "Berilag32"]
[Black "Spiritus"]
[Result "0-1"]
[WhiteElo "2037"]
[BlackElo "2380"]

1. e4 c5 2. d3 Nc6 3. c3 Nf6 4. Bg5 e5 5. Nf3 Be7 6. Bxf6 Bxf6 7. Be2 d5 8. Qc2
Be6 9. h3 Rc8 10. Nbd2 O-O 11. O-O d4 12. a3 Bg5 13. c4 Bf4 14. Rfd1 f5 15. Nf1
fxe4 16. dxe4 Qf6 17. Bd3 Qh6 18. N1h2 Rf6 19. Qe2 Rg6 20. Kh1 Rf8 21. Rg1 Bxh2
22. Kxh2 Rxg2+ 23. Rxg2 Qxh3+ 24. Kg1 Rxf3 25. Rg3 Rxg3+ 26. fxg3 Qxg3+ 27. Kh1
Bg4 0-1

[Event "AUTO-OPEN-3982"]
[Site "http://www.queenalice.com/game.php?id=1591742"]
[Date "2019.12.1"]
[Round "2"]
[White "Spiritus"]
[Black "Berilag32"]
[Result "1-0"]
[WhiteElo "2378"]
[BlackElo "2039"]

1. e4 e6 2. d4 c6 3. Nf3 d6 4. c4 Qc7 5. Nc3 Nd7 6. Be2 h6 7. O-O a6 8. Be3 Ngf6
9. Rc1 e5 10. Nh4 g6 11. f4 Be7 12. c5 Nf8 13. cxd6 Bxd6 14. fxe5 Bxe5 15. dxe5
Ng8 16. Nd5 Qd7 17. Nf6+ Nxf6 18. exf6 Qxd1 19. Rcxd1 Be6 20. Bc5 Nd7 21. Be7 b5
22. Rd6 Rc8 23. Nxg6 Rg8 24. Nf4 Nc5 25. Rfd1 Nb7 26. Rxe6 1-0

[Event "AUTO-MASTER-2964"]
[Site "http://www.queenalice.com/game.php?id=1615676"]
[Date "2020.6.9"]
[Round "1"]
[White "Berilag32"]
[Black "Guilherme_Ottoni"]
[Result "0-1"]
[WhiteElo "2042"]
[BlackElo "2192"]

1. e4 e5 2. Qh5 Nc6 3. Bc4 g6 4. Qf3 Nf6 5. c3 Bg7 6. d3 d6 7. h3 Na5 8. Bb5+
Bd7 9. Bxd7+ Nxd7 10. b4 Nc6 11. Bb2 Ne7 12. Nd2 O-O 13. Qg3 f5 14. Ngf3 fxe4
15. dxe4 Bh6 16. Rd1 a5 17. a3 Rf6 18. Nh2 Bf4 19. Qd3 Bxh2 20. Rxh2 Nb6 21. Nf3
Qe8 22. Kf1 Qc6 23. Re1 Qc4 24. Qxc4+ Nxc4 25. Re2 axb4 26. axb4 Ra2 27. Bc1 Ra1
28. Re1 Nc8 29. Nd2 N8b6 30. Ke2 Ra2 31. f3 Rf8 32. Kd3 Nxd2 33. Bxd2 Rfa8 34.
g3 Rb2 35. Ree2 Ra1 36. f4 Rg1 37. Rhg2 Rf1 38. fxe5 Rf3+ 39. Be3 Rb3 40. exd6
Na4 41. Rc2 cxd6 42. Ke2 Rf8 43. Bd4 b5 44. Ke3 Rc8 45. Kd3 Rc4 46. Rgf2 Rcxb4
47. Ra2 Rc4 48. g4 Rb1 49. Rf3 Rd1+ 50. Ke2 Rh1 51. Kf2 Rb1 52. Kg3 Rb2 53. Ra1
Rc2 54. Raf1 Rc8 55. Rf7 R2xc3+ 56. Kh4 R3c7 57. R7f6 Nc5 58. Rxd6 Nxe4 59. Rb6
g5+ 0-1

[Event "AUTO-MASTER-2964"]
[Site "http://www.queenalice.com/game.php?id=1615677"]
[Date "2020.6.9"]
[Round "1"]
[White "Guilherme_Ottoni"]
[Black "Berilag32"]
[Result "1/2-1/2"]
[WhiteElo "2198"]
[BlackElo "2035"]

1. d4 e6 2. c4 c6 3. Nc3 d6 4. e4 Qc7 5. g3 Nd7 6. Bg2 h6 7. Nf3 Ngf6 8. Qe2 e5
9. O-O Be7 10. b3 Nf8 11. Bd2 Ne6 12. d5 Nd4 13. Nxd4 exd4 14. Na4 c5 15. Nb2 b6
16. Nd3 O-O 17. h3 Bd7 18. Bf4 Rfe8 19. e5 dxe5 20. Bxe5 Bd6 21. Bxd6 Qxd6 22.
Qc2 Bf5 23. Rfe1 Rad8 24. Qd2 Qd7 25. Ne5 Qd6 26. Nc6 Rd7 27. Rxe8+ Nxe8 28. Re1
Nf6 29. g4 Bg6 30. f4 Kf8 31. f5 Bh7 32. Qc1 Ng8 33. Qa3 a5 34. Qc1 g6 35. fxg6
Bxg6 36. Ne5 Re7 37. Qf4 Kg7 38. Kf2 Qf6 39. Nxg6 fxg6 40. Qxf6+ Kxf6 41. Rxe7
Kxe7 1/2-1/2